| 000 | 00529cam a2200181 4500500 | ||
|---|---|---|---|
| 005 | 20260405003755.0 | ||
| 041 | _afre | ||
| 042 | _adc | ||
| 100 | 1 | 0 |
_aLegros, Martin _eauthor |
| 245 | 0 | 0 | _aCélébration du cogito |
| 260 | _c2023. | ||
| 500 | _a26 | ||
| 690 | _aCogito | ||
| 690 | _aDenis Moreau | ||
| 690 | _aDescartes | ||
| 786 | 0 | _nPhilosophie magazine | 172 | 9 | 2023-09-01 | p. 65-66 | 1951-1787 | |
| 856 | 4 | 1 | _uhttps://shs.cairn.info/magazine-philosophie-magazine-2023-9-page-65?lang=fr&redirect-ssocas=7080 |
| 999 |
_c2070713 _d2070713 |
||